Sports Quiz

Random Sports or Hockey Quiz
Score 0/155 Timer 17:00
0 Plays Today
Hint Answer % Correct
Anaheim DucksRyan Getzlaf
96.4%
Chicago BlackhawksPatrick Kane
96.4%
Chicago BlackhawksJonathan Toews
95.8%
Boston BruinsBrad Marchand
95.3%
Boston BruinsPatrice Bergeron
94.3%
Boston BruinsDavid Pastrnak
93.8%
Dallas StarsJamie Benn
93.2%
Dallas StarsTyler Seguin
92.7%
Buffalo SabresJack Eichel
91.7%
Carolina HurricanesSebastian Aho
91.7%
Edmonton OilersConnor McDavid
91.7%
Colorado AvalancheNathan MacKinnon
91.1%
Toronto Maple LeafsJohn Tavares
90.1%
Calgary FlamesJohnny Gaudreau
89.6%
Los Angeles KingsAnze Kopitar
89.6%
Toronto Maple LeafsAuston Matthews
89.6%
Los Angeles KingsDrew Doughty
89.1%
Philadelphia FlyersClaude Giroux
89.1%
Pittsburgh PenguinsEvgeni Malkin
88.5%
Tampa Bay LightningNikita Kucherov
88.5%
Vegas Golden KnightsWilliam Karlsson
88.5%
Colorado AvalancheGabriel Landeskog
88%
Columbus Blue JacketsArtemi Panarin
88%
Florida PanthersAleksander Barkov
88%
Pittsburgh PenguinsSidney Crosby
88%
Tampa Bay LightningSteven Stamkos
88%
Detroit Red WingsDylan Larkin
87.5%
San Jose SharksBrent Burns
87.5%
Toronto Maple LeafsMitchell Marner
87.5%
Boston BruinsTorey Krug
87%
Calgary FlamesMark Giordano
87%
New Jersey DevilsTaylor Hall
87%
Washington CapitalsAlex Ovechkin
86.5%
Edmonton OilersLeon Draisaitl
85.9%
Florida PanthersJonathan Huberdeau
85.9%
Pittsburgh PenguinsPhil Kessel
85.9%
Colorado AvalancheMikko Rantanen
85.4%
Tampa Bay LightningVictor Hedman
85.4%
Calgary FlamesMatthew Tkachuk
84.9%
Columbus Blue JacketsSeth Jones
84.9%
Ottawa SenatorsBrady Tkachuk
84.9%
Buffalo SabresJeff Skinner
84.4%
Calgary FlamesSean Monahan
84.4%
St. Louis BluesVladimir Tarasenko
84.4%
Arizona CoyotesOliver Ekman-Larsson
84.4%
Winnipeg JetsBlake Wheeler
84.4%
Ottawa SenatorsMark Stone
83.9%
Tampa Bay LightningBrayden Point
83.9%
Winnipeg JetsPatrik Laine
83.9%
New York IslandersMatthew Barzal
83.3%
Pittsburgh PenguinsKris Letang
83.3%
Boston BruinsDavid Krejci
82.8%
Hint Answer % Correct
Nashville PredatorsRoman Josi
82.8%
Chicago BlackhawksAlex DeBrincat
82.3%
San Jose SharksJoe Pavelski
82.3%
St. Louis BluesRyan O'Reilly
82.3%
Vancouver CanucksBrock Boeser
81.8%
Dallas StarsAlexander Radulov
81.3%
Minnesota WildEric Staal
81.3%
New York IslandersAnders Lee
81.3%
Vancouver CanucksElias Pettersson
80.7%
Washington CapitalsJohn Carlson
80.7%
Columbus Blue JacketsCam Atkinson
80.2%
Nashville PredatorsFilip Forsberg
80.2%
Philadelphia FlyersJakub Voracek
80.2%
Washington CapitalsNicklas Backstrom
80.2%
Washington CapitalsEvgeny Kuznetsov
80.2%
Anaheim DucksRickard Rakell
79.7%
Minnesota WildZach Parise
79.7%
San Jose SharksLogan Couture
79.7%
Arizona Coyotes Clayton Keller
79.7%
Calgary FlamesElias Lindholm
79.2%
Los Angeles KingsDustin Brown
79.2%
Dallas StarsJohn Klingberg
78.6%
Colorado AvalancheTyson Barrie
78.1%
Edmonton OilersRyan Nugent-Hopkins
78.1%
Minnesota WildRyan Suter
78.1%
Montreal CanadiensMax Domi
78.1%
Toronto Maple LeafsMorgan Rielly
78.1%
Winnipeg JetsMark Scheifele
78.1%
St. Louis BluesAlex Pietrangelo
77.6%
Florida PanthersKeith Yandle
77.1%
Nashville PredatorsRyan Johansen
77.1%
New York RangersMika Zibanejad
77.1%
Buffalo SabresRasmus Dahlin
76.6%
Ottawa SenatorsMatt Duchene
76%
Pittsburgh PenguinsJake Guentzel
76%
Washington CapitalsT.J Oshie
72.9%
Nashville PredatorsViktor Arvidsson
72.4%
Ottawa SenatorsThomas Chabot
72.4%
San Jose SharksTomas Hertl
72.4%
Vancouver CanucksBo Horvat
72.4%
New Jersey DevilsNico Hischier
71.9%
Buffalo SabresRasmus Ristolainen
71.4%
Montreal CanadiensBrendan Gallagher
71.4%
Vegas Golden KnightsJonathan Marchessault
71.4%
Carolina HurricanesTeuvo Teravainen
70.8%
Carolina HurricanesJustin Williams
70.8%
Florida PanthersMike Hoffman
70.8%
Carolina HurricanesDougie Hamilton
70.3%
Detroit Red WingsAnthony Mantha
69.8%
Philadelphia FlyersSean Couturier
69.8%
St. Louis BluesBrayden Schenn
68.8%
New York RangersChris Kreider
68.2%
Hint Answer % Correct
Winnipeg JetsKyle Connor
68.2%
Buffalo SabresSam Reinhart
67.2%
San Jose SharksTimo Meier
67.2%
Vegas Golden KnightsReilly Smith
66.7%
New Jersey DevilsKyle Palmieri
65.6%
Winnipeg JetsJacob Trouba
64.6%
Dallas StarsMiro Heiskanen
64.1%
Edmonton OilersDarnell Nurse
64.1%
Florida PanthersEvgenii Dadonov
64.1%
Los Angeles KingsTyler Toffoli
64.1%
Columbus Blue JacketsPierre-Luc Dubois
62.5%
Nashville PredatorsMattias Ekholm
62.5%
Anaheim DucksJakob Silfverberg
62%
Minnesota WildJared Spurgeon
62%
New York IslandersJosh Bailey
62%
Montreal CanadiensJonathan Drouin
61.5%
Montreal CanadiensTomas Tatar
60.9%
Chicago BlackhawksDylan Strome
59.4%
Minnesota WildMikael Granlund
59.4%
New York IslandersBrock Nelson
59.4%
Arizona CoyotesDerek Stepan
59.4%
Chicago BlackhawksErik Gustafsson
58.9%
Detroit Red WingsAndreas Athanasiou
58.9%
Vancouver CanucksAlexander Edler
57.8%
New York IslandersJordan Eberle
56.8%
New York RangersMats Zuccarello
56.8%
Detroit Red WingsTyler Bertuzzi
56.3%
Philadelphia FlyersTravis Konecny
55.7%
Toronto Maple LeafsKasperi Kapanen
55.7%
Anaheim DucksAdam Henrique
55.2%
Arizona CoyotesAlex Galchenyuk
53.6%
Tampa Bay LightningYanni Gourde
51.6%
St. Louis BluesDavid Perron
51%
Vegas Golden KnightsPaul Stastny
49%
Vegas Golden KnightsAlex Tuch
47.9%
New Jersey DevilsTravis Zajac
46.9%
Los Angeles KingsIlya Kovalchuk
46.4%
New York RangersKevin Hayes
46.4%
Colorado AvalancheCarl Soderberg
44.8%
Detroit Red WingsGustav Nyquist
41.7%
Montreal CanadiensPhillip Danault
40.6%
Columbus Blue JacketsJosh Anderson
40.1%
New Jersey DevilsDamon Severson
40.1%
Edmonton OilersAlex Chiasson
35.9%
New York RangersPavel Buchnevich
35.4%
Philadelphia FlyersJames Van Riemsdyk
33.9%
Anaheim DucksNick Ritchie
27.6%
Ottawa SenatorsChris Tierney
26%
Carolina HurricanesMichael Ferland
21.4%
Arizona CoyotesVinnie Hinostroza
19.3%
Vancouver CanucksAntoine Roussel
16.1%
Remove Ads.
Support Sporcle.
Get the best of Sporcle when you Go Orange. This ad-free experience offers more features, more stats, and more fun while also helping to support Sporcle. Thank you for becoming a member.

You're not logged in!

Compare scores with friends on all Sporcle quizzes.
OR
Log In

Show Comments

Extras

Top Quizzes Today


Score Distribution

Your Account Isn't Verified!

In order to create a playlist on Sporcle, you need to verify the email address you used during registration. Go to your Sporcle Settings to finish the process.

Report this User

Report this user for behavior that violates our Community Guidelines.

Details: